Responses for Show #6453 - Wednesday, October 10, 2012

Stephanie Jass game 3.

Contestants

[<< previous game]

Craig Chern, an assistant principal from Wall Township, New Jersey

Felicia McGowan, an administrative coordinator from Baltimore, Maryland

Stephanie Jass, a history professor from Milan, Michigan (whose 2-day cash winnings total $47,570)

[next game >>]

Jeopardy! Round responses

35 YEARS AGO: 1977
YOU KNOW THE RULES!
WORD ORIGINS
TRAVEL TEXAS
IT'S GETTING WARM
SHEDDING THEIR CLOTHES
    $200 16
snow

Craig
    $200 9
shotgun

Stephanie
    $200 17
sumo

Craig
    $200 26
the Alamo

Stephanie
    $200 6
(Stephanie: What is Mars?)

Mercury

StephanieFelicia
    $200 1
(Arnold) Schwarzenegger

Stephanie
    $400 20
(Alex: Episode IV, yes.)

Star Wars

Stephanie
    $400 10
the Golden Rule

Felicia
    $400 18
filter (or filtration)

Craig
    $400 27
(Craig: What is the University of Texas?)
(Stephanie: What is Texas A&M?)
...
[The end-of-round signal sounds.]

the Cotton Bowl

StephanieCraig
Triple Stumper
    $400 7
(Craig: What is a dryer?)

a home sauna

Craig
Triple Stumper
    $400 2
(Will) Ferrell

Craig
    $600 21
smallpox

Triple Stumper
    $600 13
Hammurabi

Craig
    $600 19
sinister

Stephanie
    $600 8
Death Valley

Stephanie
    $600 3
Ryan Reynolds

Stephanie
    $800 22
the SST (or the Concorde)

Stephanie
    $800 14
(The Marquess of) Queensberry

Felicia
    $800 24
a curfew

Felicia
    $800 11
Old Faithful

Felicia
    $800 4
(Terry) Bradshaw

Stephanie
    $1000 23
(Craig: What is The Similarian?)
...
(Alex: And we have less than a minute to go.)

The Silmarillion

Craig
Triple Stumper
    $1000 15
Robert's Rules of Order

Stephanie
    $1000 25
ketchup

Triple Stumper
    $1000 12
heat index

Stephanie
    $1000 5
Helen Mirren

Felicia

Scores at the first commercial break (after clue 15):

Stephanie Felicia Craig
$4,200 $3,200 $600

Scores at the end of the Jeopardy! Round:

Stephanie Felicia Craig
$5,800 $4,000 $0

Double Jeopardy! Round responses

GREAT MEN & WOMEN OF MEDICINE
POP CULTURE BEFORE & AFTER
GEOGRAPH"IA"
(Alex: each correct response will end in the letters I-A.)
THAT BOOK WAS A HORROR!
STOPS
ONE LETTER DIFFERENCE
(Alex: We need two words in your response.)
    $400 11
diabetes

Felicia
    $400 1
Leslie Nielsen ratings

Craig
    $400 16
Sardinia

Craig
    $400 6
the Vampire

Craig
    $400 26
stop light (a traffic light accepted)

Stephanie
    $400 21
tarry & parry

Triple Stumper
    $800 12
typhoid

Felicia
    $800 2
Mad Men at Work

Stephanie
    $800 17
Mongolia

Stephanie
    $800 7
Rosemary

Stephanie
    $800 27
[The end-of-round signal sounds.]

a truck stop

Craig
    $800 22
(Craig: What is buffet and buffet?)
...
(Alex: Less than a minute to go now, Stephanie.)

buffer & buffet

Craig
Triple Stumper
    $1200 13
cystic fibrosis

Stephanie
    $1200 3
Katy Perry Como

Stephanie
    $1200 18
Ethiopia

Felicia
    $1200 8
the Dome

Triple Stumper
    $1200 23
mine & mime

Craig
    $2,000 14
Margaret Sanger

Stephanie
    $1600 4
(Alex: [laughing] I love that one.)

My Three Sons of Anarchy

Stephanie
    $3,000 19
(Felicia: What is Albania?)

Macedonia

Felicia
    $1600 9
(Stephanie: What is [*] House?)

Hill

Stephanie
    $1600 24
alone & atone

Craig
    $2000 15
(Dr. Christiaan) Barnard

Stephanie
    $2000 5
LMFAO Schwarz

Craig
    $2000 20
Galatia

Stephanie
    $2000 10
(Felicia: What are the Locusts?)

the Triffids

Felicia
Triple Stumper
    $2000 25
a coda & a coma

Stephanie

Scores at the end of the Double Jeopardy! Round:

Stephanie Felicia Craig
$22,200 $1,400 $6,000
(lock game)

[wagering suggestions for these scores]

Final Jeopardy! Round responses

HISTORIC RULERS
(Alex: [to Craig] Did you write anything down?)
(Craig: Nothing good.)
(Alex: Nothing good? You said, [*]. And you are right, even--yeah, it looks good.)
FeliciaWho was ?
$1,200
CraigWho was Maxmillian I?
$1,000
StephanieWho was Tsar Nicholas?
$3,000
Maximilian I

Final scores:

Stephanie Felicia Craig
$19,200 $200 $7,000
3-day champion: $66,770 3rd place: $1,000 2nd place: $2,000

Game dynamics:

Coryat scores:

Stephanie Felicia Craig
$21,800 $4,400 $6,000
23 R
(including 2 DDs),
2 W
9 R,
2 W
(including 1 DD)
12 R,
4 W

Combined Coryat: $32,200

[game clues] [game scores] [suggest correction]

Game tape date: 2012-08-01
The J! Archive is created by fans, for fans. Scraping, republication, monetization, and malicious use prohibited; this site may use cookies and collect identifying information. See terms. The Jeopardy! game show and all elements thereof, including but not limited to copyright and trademark thereto, are the property of Jeopardy Productions, Inc. and are protected under law. This website is not affiliated with, sponsored by, or operated by Jeopardy Productions, Inc. Join the discussion at JBoard.tv.